000 00714 a2200205 4500
001 3832
005 20260407155430.0
008 260407a1994 arg spa d
003 AR-UNSa-BCEJYS
040 _aAR-UNSa-BCEJYS
_bspa
_cAR-UNSa-BCEJYS
080 _a(038)657
_xDiccionario de Contabilidad
245 1 0 _aDiccionario de contabilidad y auditoría
020 _a950-537-295-7
264 1 _aBuenos Aires :
_bEdiciones Macchi
_c1994
300 _axxii, 276 p.
_c22 cm.
942 _cBK
590 _aniveau_biblio:m niveau_hierar:0
100 1 _aFowler Newton, Enrique
856 4 1 _uhttps://t3.gstatic.com/images?q=tbn:ANd9GcROjIQWZlbB-x0mqvujYkqVwuHbaCqRjE2y_PJPEoPJtONM7JOgVpIZtw
_yImagen de portada
_qimage/jpeg
999 _c366
_d366